[Event "Sachsen-ch U18"]
[Site "Sebnitz"]
[Date "2009.04.16"]
[Round "4"]
[White "Reinsdorf, Christoph"]
[Black "Leschner, Marius"]
[Result "0-1"]
[WhiteElo "1628"]
[BlackElo "1833"]
[PlyCount "48"]
[EventDate "2009.04.14"]
[EventType "swiss"]
[EventRounds "7"]
[EventCountry "GER"]
[SourceTitle "EXT 2010"]
[Source "ChessBase"]
[SourceDate "2010.11.25"]
[SourceVersion "1"]
[SourceVersionDate "2010.11.25"]
[SourceQuality "1"]

1. e4 e6 2. d4 d5 3. Nd2 dxe4 4. Nxe4 Bd7 5. Nf3 Bc6 6. Bd3 Nd7 7. Qe2 Ngf6 8. c3 Be7 9. Bf4 Nd5 10. Bg3 N7f6 11. Ne5 0-0 12. 0-0 Be8 13. Rad1 Nxe4 14. Bxe4 f5 15. Bc2 f4 16. Qe4 g6 17. Ng4 fxg3 18. Qxe6+ Bf7 19. Nh6+ Kg7 20. Nxf7 gxh2+ 21. Kxh2 Rxf7 22. Rh1 Rxf2 23. Be4 Nf4 24. Qg4 Ne2 0-1

[Event "GER-chT U20"]
[Site "Arendsee"]
[Date "2008.12.28"]
[Round "4.4"]
[White "Hoffmann, Lena"]
[Black "Leschner, Marius"]
[Result "1-0"]
[WhiteElo "1635"]
[BlackElo "1884"]
[PlyCount "73"]
[EventDate "2008.12.27"]
[EventType "team-swiss"]
[EventRounds "7"]
[EventCountry "GER"]
[SourceTitle "CBM 128 Extra"]
[Source "ChessBase"]
[SourceDate "2009.03.05"]
[SourceVersion "2"]
[SourceVersionDate "2009.03.25"]
[SourceQuality "1"]
[WhiteTeam "Stadtilm Blau Weiss"]
[BlackTeam "Chemnitz USG"]
[WhiteTeamCountry "GER"]
[BlackTeamCountry "GER"]

1. b3 d5 2. Bb2 c5 3. e3 Nc6 4. Ne2 e5 5. d3 Bd6 6. g3 Nf6 7. Bg2 0-0 8. Nd2 Qc7 9. 0-0 b6 10. h3 Bb7 11. f4 Rfe8 12. fxe5 Bxe5 13. Bxe5 Rxe5 14. e4 dxe4 15. Nxe4 Nxe4 16. Bxe4 Rae8 17. g4 Qd7 18. c3 Ne7 19. Ng3 Bxe4 20. Nxe4 Ng6 21. Qc2 Rd5 22. Rad1 Rd8 23. Rf3 Ne5 24. Rf5 Qe7 25. d4 f6 26. g5 Qe6 27. Rdf1 cxd4 28. cxd4 Rxd4 29. gxf6 Nf3+ 30. R5xf3 Rxe4 31. Qc7 Qd7 32. Qc2 Qd4+ 33. Kh1 Qe5 34. fxg7 Qd5 35. Rf8+ Kxg7 36. Qg2+ Kh6 37. R1f6+ 1-0

[Event "GER-chT U16"]
[Site "Uelzen"]
[Date "2007.12.27"]
[Round "2.3"]
[White "Leschner, Marius"]
[Black "Kartsev, Alexandr"]
[Result "1/2-1/2"]
[WhiteElo "1756"]
[BlackElo "1989"]
[PlyCount "101"]
[EventDate "2007.12.27"]
[EventType "team-swiss"]
[EventRounds "7"]
[EventCountry "GER"]
[SourceTitle "EXT 2022"]
[Source "ChessBase"]
[SourceDate "2021.10.06"]
[SourceVersion "1"]
[SourceVersionDate "2021.10.06"]
[SourceQuality "1"]
[WhiteTeam "Chemnitz USG U16"]
[BlackTeam "Brackel SF U16"]
[WhiteTeamCountry "GER"]
[BlackTeamCountry "GER"]

1. e4 c5 2. f4 d6 3. Nf3 Nf6 4. Nc3 e6 5. g3 Be7 6. Bg2 0-0 7. 0-0 Nbd7 8. d3 a6 9. a4 Qc7 10. h3 Rb8 11. g4 b5 12. g5 Ne8 13. f5 b4 14. Ne2 Bb7 15. fxe6 fxe6 16. Nf4 Qb6 17. Nxe6 Rf7 18. Be3 d5 19. exd5 Bxd5 20. Nf4 Nc7 21. h4 Qd6 22. Nd2 Bxg2 23. Kxg2 Nd5 24. Nxd5 Qxd5+ 25. Ne4 Rxf1 26. Qxf1 Rf8 27. Qe2 c4 28. Rf1 Ne5 29. Rxf8+ Bxf8 30. Bf4 cxd3 31. cxd3 Qxd3 32. Ng3 Qd5+ 33. Kf1 Ng6 34. Bd2 Nxh4 35. Ne4 Qf5+ 36. Nf2 Nf3 37. Bxb4 Nh2+ 38. Kg2 Qxg5+ 39. Kxh2 Qf4+ 40. Kg2 Qxb4 41. Qxa6 Qxb2 42. Qe6+ Kh8 43. a5 Qb7+ 44. Qe4 Qa6 45. Qf5 Qa8+ 46. Qf3 Qxf3+ 47. Kxf3 Bc5 48. Nd3 Ba7 49. Ke4 h5 50. Nf4 h4 51. Ng6+ 1/2-1/2

[Event "Sachsen-ch U16"]
[Site "Sebnitz"]
[Date "2007.04.12"]
[Round "4"]
[White "Roitzsch, Philippe"]
[Black "Leschner, Marius"]
[Result "1/2-1/2"]
[WhiteElo "1781"]
[BlackElo "1725"]
[PlyCount "57"]
[EventDate "2007.04.10"]
[EventType "swiss"]
[EventRounds "7"]
[EventCountry "GER"]
[SourceTitle "EXT 2008"]
[Source "ChessBase"]
[SourceDate "2007.11.25"]
[SourceVersion "1"]
[SourceVersionDate "2007.11.25"]
[SourceQuality "1"]

1. e4 e6 2. d4 d5 3. Nd2 dxe4 4. Nxe4 Bd7 5. Nf3 Bc6 6. Bd3 Nd7 7. c3 Ngf6 8. Bg5 Be7 9. Nxf6+ Bxf6 10. Bd2 e5 11. dxe5 Nxe5 12. Nxe5 Bxe5 13. Qe2 Qe7 14. 0-0-0 0-0-0 15. f4 Bf6 16. Be3 Rhe8 17. Rhe1 Qe6 18. a3 Qa2 19. Bb1 Rxd1+ 20. Qxd1 Qa1 21. Qb3 Be4 22. Qa2 Qxa2 23. Bxa2 Bxg2 24. Bxf7 Re7 25. Bh5 Bh3 26. Kd2 b6 27. Bf3 c5 28. Bf2 Rxe1 29. Bxe1 1/2-1/2

[Event "Sachsen-ch U16"]
[Site "Sebnitz"]
[Date "2007.04.11"]
[Round "2"]
[White "Schaetz, Christopher"]
[Black "Leschner, Marius"]
[Result "1/2-1/2"]
[WhiteElo "1895"]
[BlackElo "1725"]
[PlyCount "65"]
[EventDate "2007.04.10"]
[EventType "swiss"]
[EventRounds "7"]
[EventCountry "GER"]
[SourceTitle "EXT 2008"]
[Source "ChessBase"]
[SourceDate "2007.11.25"]
[SourceVersion "1"]
[SourceVersionDate "2007.11.25"]
[SourceQuality "1"]

1. e4 e6 2. d4 d5 3. Nc3 dxe4 4. Nxe4 Bd7 5. Nf3 Bc6 6. Ng3 Nd7 7. Bd3 Ngf6 8. c3 Be7 9. 0-0 0-0 10. Ne5 Nxe5 11. dxe5 Qd5 12. f3 Qxe5 13. Re1 Qd6 14. Qe2 Rfd8 15. Bc2 Bf8 16. Bg5 Qc5+ 17. Be3 Qe7 18. Bd4 g6 19. f4 Bg7 20. f5 Bd7 21. Bb3 Re8 22. Qe5 Qd8 23. Ne4 Nh5 24. f6 c5 25. Qxc5 Nxf6 26. Nd6 b6 27. Qe5 Rf8 28. Rad1 Qe7 29. Ne4 Nh5 30. Qc7 Rfc8 31. Qb7 Rcb8 32. Qc7 Rc8 33. Qb7 1/2-1/2

[Event "Sachsen-ch U16"]
[Site "Sebnitz"]
[Date "2006.04.19"]
[Round "3"]
[White "Leschner, Marius"]
[Black "Schaefer, Erik"]
[Result "0-1"]
[WhiteElo "1709"]
[BlackElo "1808"]
[PlyCount "112"]
[EventDate "2006.04.18"]
[EventType "swiss"]
[EventRounds "7"]
[EventCountry "GER"]
[SourceTitle "EXT 2007"]
[Source "ChessBase"]
[SourceDate "2006.11.23"]
[SourceVersion "1"]
[SourceVersionDate "2006.11.23"]
[SourceQuality "1"]

1. e4 c5 2. Nf3 a6 3. c3 d5 4. exd5 Qxd5 5. d4 Bg4 6. Be2 Nf6 7. c4 Qd6 8. dxc5 Qxc5 9. Be3 Qb4+ 10. Qd2 Nc6 11. a3 Qxd2+ 12. Nbxd2 g6 13. h3 Bd7 14. Nd4 Bg7 15. N2f3 0-0 16. 0-0 Nxd4 17. Bxd4 Rac8 18. Rfd1 Ba4 19. Rd3 Bc2 20. Rc3 Bf5 21. Re3 Be6 22. b3 Bh6 23. Rd3 Bf5 24. Rdd1 Bc2 25. Re1 Bxb3 26. Rab1 Bxc4 27. Rxb7 Bxe2 28. Rxe2 Nd5 29. g4 Rc1+ 30. Kh2 Bf4+ 31. Kg2 Bd6 32. Be3 Ra1 33. Bh6 Ra8 34. Rd2 Nf4+ 35. Bxf4 Bxf4 36. Rd3 Bd6 37. Rbb3 Ra2 38. Nd2 Bf4 39. Nc4 Rc8 40. Nb6 Rcc2 41. Rf3 Bd6 42. Na4 Rc4 43. Nb6 Rc6 44. Nd5 a5 45. Rfe3 Kg7 46. Red3 Rcc2 47. Rf3 Bc5 48. Ne3 Re2 49. Nd1 Red2 50. Rbc3 Bd4 51. Rcd3 Rxd3 52. Rxd3 Bc5 53. Rd5 Rc2 54. a4 Bb4 55. Rd3 Ra2 56. Nc3 Ra3 0-1

[Event "Sachsen-ch U16"]
[Site "Sebnitz"]
[Date "2006.04.19"]
[Round "4"]
[White "Schaetz, Christopher"]
[Black "Leschner, Marius"]
[Result "0-1"]
[WhiteElo "1932"]
[BlackElo "1709"]
[PlyCount "52"]
[EventDate "2006.04.18"]
[EventType "swiss"]
[EventRounds "7"]
[EventCountry "GER"]
[SourceTitle "EXT 2007"]
[Source "ChessBase"]
[SourceDate "2006.11.23"]
[SourceVersion "1"]
[SourceVersionDate "2006.11.23"]
[SourceQuality "1"]

1. e4 e6 2. d4 d5 3. Nc3 dxe4 4. Nxe4 Nf6 5. Bg5 Nbd7 6. Nf3 Be7 7. Nxf6+ Nxf6 8. Bd3 h6 9. Bxf6 Bxf6 10. c3 Bd7 11. Qe2 Bc6 12. 0-0-0 Qd5 13. c4 Qa5 14. d5 Bd7 15. dxe6 Bxe6 16. Bg6 0-0 17. Kb1 b5 18. Bd3 Rab8 19. Nd4 bxc4 20. Bxc4 Bf5+ 21. Ka1 Rfe8 22. Qd2 Qc5 23. Qc3 Qb6 24. Qb3 Bxd4 25. Bxf7+ Kf8 26. Bxe8 Bxb2+ 0-1

[Event "Sachsen-ch U14"]
[Site "Sebnitz"]
[Date "2005.03.29"]
[Round "1"]
[White "Grohmann, Thomas"]
[Black "Leschner, Marius"]
[Result "0-1"]
[WhiteElo "1170"]
[BlackElo "1524"]
[PlyCount "104"]
[EventDate "2005.03.29"]
[EventType "swiss"]
[EventRounds "7"]
[EventCountry "GER"]
[SourceTitle "EXT 2007"]
[Source "ChessBase"]
[SourceDate "2006.11.23"]
[SourceVersion "1"]
[SourceVersionDate "2006.11.23"]
[SourceQuality "1"]

1. c4 e5 2. Nc3 Nf6 3. Nf3 Nc6 4. g3 Be7 5. Bg2 0-0 6. 0-0 d6 7. d3 Be6 8. h3 Qd7 9. Ng5 Bf5 10. e4 Bg6 11. g4 h5 12. gxh5 Bxh5 13. Qe1 Nd4 14. Qd2 Nh7 15. Nxh7 Kxh7 16. f3 c6 17. Ne2 Ne6 18. Kh2 Bg5 19. Qe1 Qe7 20. Rg1 Bh4 21. Qf1 Nc5 22. Ng3 Bxg3+ 23. Kxg3 Rg8 24. b4 Ne6 25. Be3 g5 26. Kf2 Qf6 27. Ke1 Nf4 28. Bxf4 Qxf4 29. Ke2 Rad8 30. Qf2 d5 31. Qe3 dxe4 32. Qxe4+ Qxe4+ 33. dxe4 Rd4 34. Rac1 Rxe4+ 35. Kf2 Rd4 36. Rge1 f6 37. Red1 Rgd8 38. Re1 Rd2+ 39. Kf1 Rxa2 40. Rb1 Rdd2 41. Bh1 Rh2 42. Kg1 Rxh3 43. Rbd1 Bxf3 44. Rd7+ Kg6 45. Bxf3 Rxf3 46. Rxb7 Rf4 47. c5 Ra4 48. Rb1 Kf5 49. Kg2 Rc4 50. Kf3 a5 51. Ra7 Raxb4 52. Ra1 Rxc5 0-1

[Event "GER-chT U12"]
[Site "Verden an der Aller"]
[Date "2003.12.29"]
[Round "6.2"]
[White "Helmund, Thomas"]
[Black "Leschner, Marius"]
[Result "1-0"]
[WhiteElo "1224"]
[BlackElo "1234"]
[PlyCount "73"]
[EventDate "2003.12.27"]
[EventType "team-swiss"]
[EventRounds "7"]
[EventCountry "GER"]
[SourceTitle "EXT 2022"]
[Source "ChessBase"]
[SourceDate "2021.10.06"]
[SourceVersion "1"]
[SourceVersionDate "2021.10.06"]
[SourceQuality "1"]
[WhiteTeam "Waltershausen"]
[BlackTeam "Chemnitz USG"]
[WhiteTeamCountry "GER"]
[BlackTeamCountry "GER"]

1. d4 e6 2. c4 d5 3. Nc3 Nf6 4. Nf3 Nc6 5. Bg5 Be7 6. e3 0-0 7. Bd3 h6 8. Bh4 Nb4 9. Be2 a6 10. a3 Nc6 11. Qc2 dxc4 12. Bxc4 b5 13. Bd3 Bb7 14. 0-0 Rc8 15. Rad1 Nd7 16. Bg3 Bd6 17. e4 Bxg3 18. fxg3 Nf6 19. e5 Nd5 20. Nxd5 Qxd5 21. Kh1 Nb8 22. g4 c5 23. Bh7+ Kh8 24. Qb1 c4 25. Rfe1 Qd7 26. Re3 Qe8 27. g5 Bxf3 28. Rxf3 g6 29. Rh3 Kxh7 30. Rxh6+ Kg7 31. Qe4 Qd7 32. Qf4 Qe7 33. Qf6+ Qxf6 34. exf6+ Kg8 35. Rf1 Rfd8 36. Rf4 Kf8 37. Rh8# 1-0

[Event "GER-chT U12"]
[Site "Verden an der Aller"]
[Date "2003.12.27"]
[Round "2.2"]
[White "Moshtael, Wesal"]
[Black "Leschner, Marius"]
[Result "1/2-1/2"]
[WhiteElo "1637"]
[BlackElo "1234"]
[PlyCount "106"]
[EventDate "2003.12.27"]
[EventType "team-swiss"]
[EventRounds "7"]
[EventCountry "GER"]
[SourceTitle "EXT 2022"]
[Source "ChessBase"]
[SourceDate "2021.10.06"]
[SourceVersion "1"]
[SourceVersionDate "2021.10.06"]
[SourceQuality "1"]
[WhiteTeam "Johanneum Eppendorf"]
[BlackTeam "Chemnitz USG"]
[WhiteTeamCountry "GER"]
[BlackTeamCountry "GER"]

1. Nf3 e6 2. c4 d5 3. d4 Nf6 4. Nc3 Nc6 5. g3 Be7 6. Bg2 0-0 7. b3 Bb4 8. Bb2 Ne4 9. Rc1 Nxc3 10. Bxc3 Bxc3+ 11. Rxc3 Qe7 12. 0-0 Bd7 13. Qc2 a5 14. Rc1 f6 15. e4 Nb4 16. Qb1 dxe4 17. Ne1 f5 18. f3 exf3 19. Nxf3 c5 20. Rd1 cxd4 21. Nxd4 Nc6 22. Nb5 Rfd8 23. Nd6 Bc8 24. c5 Ne5 25. Re3 Nf7 26. Qxf5 Nxd6 27. cxd6 Rxd6 28. Bd5 Raa6 29. Rde1 exd5 30. Qxc8+ Rd8 31. Rxe7 Rxc8 32. Rxb7 a4 33. Kg2 axb3 34. axb3 Rd8 35. Ree7 Rg6 36. Rbd7 Rxd7 37. Rxd7 Rb6 38. Rxd5 Rxb3 39. Rd7 Re3 40. Kf2 Re6 41. Rc7 Kf8 42. Rb7 Re7 43. Rb8+ Kf7 44. Rb6 Re6 45. Rxe6 Kxe6 46. Ke3 Ke5 47. Kf3 Kf5 48. h3 h5 49. Ke3 g5 50. Kf3 g4+ 51. hxg4+ hxg4+ 52. Ke3 Ke5 53. Kd3 Kd5 1/2-1/2